Normal view
MARC view
Entry Personal Name
001 - CONTROL NUMBER
- control field: 10227
003 - CONTROL NUMBER IDENTIFIER
- control field: OSt
005 - DATE AND TIME OF LATEST TRANSACTION
- control field: 20220918110926.0
008 - FIXED-LENGTH DATA ELEMENTS
- fixed length control field: 220918|| aca||aabn | a|a d
040 ## - CATALOGING SOURCE
- Original cataloging agency: OSt
- Transcribing agency: OSt
100 ## - HEADING--PERSONAL NAME
- Personal name: ओमप्रकाश सिंह, संपा
670 ## - SOURCE DATA FOUND
- Source citation: Work cat.: (OSt)115781: भारतेन्दु हरिशचन्द्र 10226, भारतेन्दु हरिश्चन्द्र ग्रन्थावली, 2008
